| 000 | 00659nam a22002177a 4500 | ||
|---|---|---|---|
| 999 |
_c8276 _d8276 |
||
| 001 | 21772 | ||
| 003 | BD-DhUAP | ||
| 005 | 20230406115536.0 | ||
| 008 | 230406b2000 nyuad||| |||| 001 0 eng d | ||
| 020 | _a9780194421713 | ||
| 040 |
_a Uk _bEng _cBD-DhUAP _dBD-DhUAP |
||
| 082 |
_221 _a428.0071 DAV |
||
| 100 | _aDavies, Paul. | ||
| 245 |
_a Success in English teaching / _bPaul Davies. |
||
| 260 |
_aOxford : _bOxford University Press, _c2000. |
||
| 300 |
_a xiv, 221 p. : _b ill., maps ; _c25 cm. |
||
| 504 | _aIncludes bibliographical references and index. | ||
| 650 |
_aEnglish language _xStudy and teaching |
||
| 700 | _a Pearse, Eric. | ||
| 942 |
_2ddc _cBK |
||